000 00935nam a22003497a 4500
005 20250620144245.0
008 160222b2015 xxu||||| |||| 00| 0 spa d
020 _a9788490869840
041 _aESP
082 _a614.1 S194m
100 _aSánchez Sánchez, José Antonio
_94883
245 _aMedicina legal y forense II
260 _aEspaña
260 _bTirant lo blanch
260 _c2015
300 _a220 páginas
490 _aInvestigación Criminal
650 _aMEDICINA LEGAL
650 _aINVESTIGACIÓN CRIMINAL
650 _aIDENTIFICACIÓN DE PERSONAS
650 _aESCENA DE LOS HECHOS
650 _aCADENA DE CUSTODIA
650 _aGRAFÍSTICA
650 _aLOFOSCOPIA
650 _aBALÍSTICA
650 _aBIOLOGÍA FORENSE
650 _aANTROPOLOGÍA FORENSE
650 _aODONTOLOGÍA FORENSE
650 _aENTOMOLOGÍA FORENSE
650 _aINFOGRAFÍA FORENSE
942 _cBK
_2ddc
999 _c7685
_d7685